000 00416nam a2200181Ia 4500
001 15690
005 20260306170214.0
008 260306t1985||||xx |||||||||||||| ||und||
041 _aESP
082 _a576.8
_bV84
100 _aVolpe, E. Peter
_eAUT
245 0 _aUnderstanding evolution
260 _c1985
300 _a265 páginas :
_c23 cm.
650 _aGEN
654 _aCCN
942 _cLIB
_dJUS
_fJUS
_2ddc
_n
999 _c15690
_d15690